| 000 | 00669cam a2200193 4500 | ||
|---|---|---|---|
| 001 | WB3736-27 | ||
| 008 | 010926n2001 000 0 eng u | ||
| 035 | _a(Sirsi) u114829 | ||
| 245 | _aWelsh on the register | ||
| 260 | _c2001 | ||
| 490 |
_aHM Land Registry Press Release _v(26/01) 25 September 2001, (1) |
||
| 520 | _aThe Land Registry is to launch a dual language, English/Welsh, register on 1 October 2001. A leaflet (PIL 32) outlining the changes is available from any district land registry or from www.landreg.gov.uk. | ||
| 590 | _aWB | ||
| 650 | _aLAND REGISTERS | ||
| 650 | _aHM LAND REGISTRY | ||
| 650 | _aWELSH | ||
| 690 | _aPROPERTY | ||
| 942 | _n0 | ||
| 999 |
_c68361 _d68361 |
||